| 000 | 00486 a2200193 4500 | ||
|---|---|---|---|
| 005 | 20260210111001.0 | ||
| 008 | 260206b |||||||| |||| 00| 0 eng d | ||
| 020 |
_a9789363985551 _cRs. 2595.00 |
||
| 040 | _aMAIN | ||
| 082 |
_a301 _bG36P9(3) |
||
| 100 | _aGidding, Franklin Henry | ||
| 245 | _aPrinciples of sociology | ||
| 250 | _a3rd | ||
| 260 |
_bNation Press _c2026 _aNew Delhi |
||
| 300 | _axxvi, 476 | ||
| 650 | _aSociology | ||
| 650 | _aSocial Organization | ||
| 942 | _cBK | ||
| 999 |
_c394561 _d394561 |
||